Using readers in language teaching

Αποθηκεύτηκε σε:
Λεπτομέρειες βιβλιογραφικής εγγραφής
Κύριος συγγραφέας: Hedge, Tricia
Μορφή: Βιβλίο
Γλώσσα:English
Δημοσίευση: London : Macmillan, 1985
Σειρά:Essential language teaching series
Θέματα:
Ετικέτες: Προσθήκη ετικέτας
Δεν υπάρχουν, Καταχωρήστε ετικέτα πρώτοι!

MARC

LEADER 00000nam a2200000 i 4500
001 1/81449
008 960613s1985 eng d
020 |a 0-333-33388-8 
035 |a 1988  |b 3  |c Αγορά/Αφένδρας  |l 10033694 
040 |a GR-MY-UA  |b gre  |e aacr 
041 0 |a eng 
082 0 |a 428.64071 
100 1 |a Hedge, Tricia. 
245 1 0 |a Using readers in language teaching /  |c Tricia Hedge 
260 |a London :   |b Macmillan,   |c 1985 
300 |a 152 p. 
490 1 |a Essential language teaching series 
504 |a Bibliography: p.146-148. Includes index 
650 0 0 |a English language  |x Study and teaching  |x Foreign speakers. 
830 0 |a Essential language teaching series 
852 |a INST  |b RHODES  |e 19960613  |h 428.64071 HED  |p 005400003936  |q 005400003936  |t BK  |y 0 
909 |a Ρ  |b 011891  |c 1988